Statistiques concernant Culture Générale - Série 185

Cliquez ici pour prendre le quiz!

Statistiques générales

  • Ce quiz a été pris 198 fois
  • Le résultat moyen est 4 sur 10

Statistiques - réponses

QuestionRéponse% Correct
Quel mot suit "Am stram gram, pic et pic et..." ?Colégram
88%
Sur quoi Christophe avait-il dessiné le "doux visage" d'Aline ?Sur le sable
70%
En 2004, à qui doit-on le tube "Femme Like U" ?K-Maro
54%
De quel parti politique Margaret Thatcher fut-elle le leader de 1975 à 1990 ?Parti conservateur
50%
Au tennis, au cours d'un jeu, quel score précède le 1er "avantage" ?40 A
44%
Où Sheila et Ringo laissent-ils le printemps dans "Les Gondoles..." ?Sur la Tamise
36%
En 1964, à qui doit-on le tube "J'y pense et puis j'oublie" ?Claude François
26%
Quelle chanson de Line Renaud parle d'un Savoyard amoureux d'une bergère ?Etoile des neiges
26%
Quel est le surnom du surveillant dans "Le Petit Nicolas" ?Le bouillon
17%
A quel groupe britannique doit-on le tube "Apache" en 1960 ?Les Shadows
10%

Distribution des résultats

Percentile par nombre de réponses

% des personnes avec chaque résultat

Votre développement - résultats

Vous n’avez pas pris ce quiz